=LDR 00000nam 2200000 4500 =001 INLIS000000000048663 =005 20200304070747 =035 ##$$a 0010-121600000000049 =008 200304################g##########0#ind## =020 ##$$a 978-602-7245-62-4 =040 ##$$a NBPDMAT =082 ##$$a 297.412 =090 ##$$a 297.412 12$bMuh k =100 #$$a Muhsin Al Jufri =245 1#$$a Kumpulan khotbah jum'at : $b yang menjernihkan jiwa /$c Ust. Muhsin Al Jufri =260 ##$:$b Pustaka Akhlak,$c 2015 =300 ##$$a 180 hlm. ; $c 14 x 21 cm =650 #4$$a Khutbaqh Jum'at =850 ##$$a NBPDMAT =084 ##$$a 297.412 MUH k =250 ##$$a cet.1 =990 ##$$a 21602220 =990 ##$$a 21602221 =990 ##$$a 21602222 =990 ##$$a 21602220 =990 ##$$a 21602221 =990 ##$$a 21602222 =990 ##$$a 21602221 =990 ##$$a 21602220 =990 ##$$a 21602222 =990 ##$$a 21602222 =990 ##$$a 21602220 =990 ##$$a 21602221